000 00751nam a22003257a 4500
005 20251107194512.0
008 170925b2001 xxu||||| |||| 00| 0 spa d
020 _a9968311731
041 _aESP
082 _a510 B268i
100 _aBarrantes, Hugo
_91481
245 _aIntroducción a la matemática
260 _aCosta Rica
260 _bEUNED
260 _c2001
300 _a360 páginas
490 _aTemática General
650 _aMATEMÁTICAS
650 _aTEORÍA DE CONJUNTOS
650 _aCONJUNTOS NUMÉRICOS
650 _aÁLGEBRA
650 _aFUNCIONES REALES
650 _aFUNCIONES TRIGONOMÉTRICAS
942 _cBK
_2ddc
999 _c9863
_d9863